الجيولوجيا المسلية : تجارب مثيرة و أنشطة عملية طريفة / (رقم التسجيلة. 115613)
[ عرض عادي ]
| 000 -LEADER | |
|---|---|
| fixed length control field | 00712nam a22002057a 4500 |
| 005 - DATE AND TIME OF LATEST TRANSACTION | |
| control field | 20251108174706.0 |
| 008 - FIXED-LENGTH DATA ELEMENTS--GENERAL INFORMATION | |
| fixed length control field | 250721s2006 xx 000 0 ara d |
| 082 14 - DEWEY DECIMAL CLASSIFICATION NUMBER | |
| Classification number | ط/550/ابر |
| 100 1# - MAIN ENTRY--PERSONAL NAME | |
| Personal name | إبراهيم، محمد رضا علي |
| 245 10 - TITLE STATEMENT | |
| Title | الجيولوجيا المسلية : تجارب مثيرة و أنشطة عملية طريفة / |
| 264 1# - PRODUCTION, PUBLICATION, DISTRIBUTION, MANUFACTURE, AND COPYRIGHT NOTICE | |
| Place of production, publication, distribution, manufacture | القاهرة : |
| Name of producer, publisher, distributor, manufacturer | مكتبة ابن سينا، |
| Date of production, publication, distribution, manufacture, or copyright notice | 2006. |
| 300 ## - PHYSICAL DESCRIPTION | |
| Extent | 111ص. |
| 650 17 - SUBJECT ADDED ENTRY--TOPICAL TERM | |
| Topical term or geographic name as entry element | الجيولوجيا |
| 650 17 - SUBJECT ADDED ENTRY--TOPICAL TERM | |
| Topical term or geographic name as entry element | علم الارض |
| 653 ## - INDEX TERM--UNCONTROLLED | |
| Uncontrolled term | ناشاون صغار (10-14) سنه |
| 700 1# - ADDED ENTRY--PERSONAL NAME | |
| Personal name | السيد، أحمد رياض |
| 700 1# - ADDED ENTRY--PERSONAL NAME | |
| Personal name | محمود، عبد المنعم |
| Relator term | مراجع |
| 942 ## - ADDED ENTRY ELEMENTS (KOHA) | |
| Source of classification or shelving scheme | Dewey Decimal Classification |
| Koha item type | كتب |
| حالة السحب | حالة الفقدان | مصدر التصنيف | حالة التلف | غير قابل للإعارة | المكتبة الرئيسية | المكتبة الحالية | موقع الرف | تاريخ التزويد | الرقم المتسلسل | Total Checkouts | رقم الإستدعاء | الباركود | تاريخ آخر ظهور | تاريخ الفاتورة | نوع المادة (كوها) |
|---|---|---|---|---|---|---|---|---|---|---|---|---|---|---|---|
| Dewey Decimal Classification | المكتبة المركزية | المكتبة المركزية | الأطفال | 28/07/2025 | 1249242 | ط/550/ابر | PLD00063256 | 28/07/2025 | 28/07/2025 | كتب | |||||
| Dewey Decimal Classification | المكتبة المركزية | المكتبة المركزية | مقتنيات قسم التزويد | 28/07/2025 | 1455478 | ط/550/ابر | 28/07/2025 | 28/07/2025 | كتب | ||||||
| Dewey Decimal Classification | المكتبة المركزية | المكتبة المركزية | مقتنيات قسم التزويد | 28/07/2025 | 1459868 | ط/550/ابر | 28/07/2025 | 28/07/2025 | كتب | ||||||
| Dewey Decimal Classification | مكتبة الراية الهاشمية للأطفال | مكتبة الراية الهاشمية للأطفال | الأطفال | 14/02/2015 | 1592375 | ط/550/ابر | PLD00316350 | 28/07/2025 | 14/02/2015 | كتب |